01371nam a2200337Ia 4500001000700000003000500007008004100012010001100053040000900064090001700073100003800090245020400128260004100332300001000373502007600383650003000459650002900489650002000518650003900538650004300577650003100620700003800651901001700689902000600706910000900712942000600721942000600727999001900733952014200752952013900894Z_5070CHAP220113s2004 xx 000 0 und d a168127 cCHAP aTesis V 1783 aVázquez Torres, Rodrigo9120533 aComposta de cerdaza y fertilización nitrogénada sobre la producción y composición de forraje de avena y ballico anual en pastoreo /cpor Rodrigo Vázquez Torres y Salvador Juárez Gurrola aChapingo, Méx. :bEl autor,c2004 a75 h. aTesis (Ing. Agr. Esp. en Zootecnia) -- UACH. Departamento de Zootecnia aAvena como forraje 98556 aAvenaxRendimiento98539 aCompost 926105 aFertilizantes nitrogenados 940596 aFertilizantesxEfecto en avena 940480 aLolium multiflorum 967504 aJuárez Gurrola, Salvador962419 aTESIS V 1783 aM a2004 c2 c2 c168127d168127 00102local4051708TESISaZbZd2005-11-09eEl autorl0oTesis V39 1783 2004p5101002963r2022-01-18 00:00:00tEj.1w2022-01-18yTESIS 00102local40718TESISaZbZd2005-11-09eEl autorl0oTesis V39 1783 2004p5101002964r2022-01-18 00:00:00tEj.2w2022-01-18yTESIS